| 000 | 00925nam a2200229Ia 4500 | ||
|---|---|---|---|
| 003 | Ost | ||
| 005 | 20260507075020.0 | ||
| 008 | 260507s9999||||xx |||||||||||||| ||und|| | ||
| 020 | _a2321103977 | ||
| 040 | _cfsecg | ||
| 041 | _aara | ||
| 082 | _a301.412 | ||
| 100 |
_aالشواربي، عبد الحميد _eمؤلف |
||
| 245 | 0 |
_aالحقوق السياسية للمرأة في الاسلام / _c عبد الحميد الشواربي |
|
| 260 |
_aالاسكندرية: _bمنشأة المعارف, _c2003 |
||
| 300 |
_a286 صفحة؛ _c24 سم |
||
| 520 | _aمشكلة الحقوق السياسية للمرأة في الإسلام-مشكلة الحقوق السياسية للمرأة في الأنظمة المقارنة-الوضع الصحيح للمشكلة | ||
| 653 | _aالحقوق السياسية | ||
| 653 | _aالمرأة في الاسلام | ||
| 653 | _aحقوق المرأة | ||
| 942 | _cكتاب | ||
| 999 |
_c42260 _d42260 |
||